| 000 | 01299nam a2200277 4500 | ||
|---|---|---|---|
| 001 | 0000023065 | ||
| 003 | CO-CtgCURN | ||
| 005 | 20250828213534.0 | ||
| 008 | 160627s2006 000 0 eng d | ||
| 020 | _a9589761739 | ||
| 040 |
_aCO-CtgCURN _bspa _ccoctgcurn |
||
| 082 | 0 |
_a346.092 _bP349d |
|
| 100 | 1 | _aPeña Nossa, Lissandro. | |
| 245 | 1 | 7 |
_aDe los titulos valores : _bgeneralidades y su jurisprudencia / _cLisandro Peña Nossa. |
| 260 |
_aBogotá : _bEdiciones Universidad Catolica de Colombia, _c2006. |
||
| 300 | _a335 p. | ||
| 336 | _2rdacontent | ||
| 337 |
_2rdamedia _asin mediacion _bn |
||
| 338 |
_2rdacarrier _avolumen _bnc |
||
| 504 | _aBibliografia (p. 327-331) | ||
| 505 | 8 | _aAntecedentes y evolucion historica.--Concepto de titulo valor y sus principios rectores.--Elementos esenciales genericos del titulo valor.--Clasificacion de los titulos valores.--Del endoso y sus clases.--La firma y sus modalidades.--De las garantias personales.--Del tenedor en los titulos valores.--Reposicion, cancelacion y reivindicacion de los titulos valores.--El titulo valor electronico | |
| 650 | 0 |
_aTitulos valores _vLegislacion _zColombia. |
|
| 908 | _a160627 | ||
| 942 |
_cBK _h346.092 _iP349d _2ddc |
||
| 999 |
_c49907 _d49907 _x1 |
||